Представление документа в формате RUSMARC

ПолеНазваниеЗначение
  Тип записи a
  Библиографический уровень m
001 Контрольный номер RU/УОНБ/EK/582315748
005 Дата корректировки 20241101134343.7
010 Индекс ISBN __
d Цена 8 р. 35 к.
9 Тираж 150000 экз.
b Уточнения в пер.
100 Данные общей обработки __
a Данные общей обработки 20180614d1955 u y0rusy0189||||ca
101 Язык документа 0_
a Язык текста rus
102 Страна публикации __
a Страна публикации RU
105 Кодированные данные (монография) __
a Кодированные данные (монография) y z 000ay
200 Заглавие и сведения об ответственности 1_
a Заглавие Пошехонская старина
f Первые сведения об ответственности М.Е. Салтыков-Щедрин
210 Выходные данные 1_
a Место издания [М.]
c Издательство Правда
d Дата издания 1955
215 Физическое описание __
a Объем 560 с.
d Формат 21 см
606 Тематические рубрики 0_
a Основная рубрика Проза (х. л.)
610 Ключевые слова 0_
a Ключевые слова проза русская 19 в.
a Ключевые слова дворянство в России (х. л.)
a Ключевые слова помещики в России (х. л.)
686 Индексы других классификаций __
a Классификационный индекс 84Р1
2 Код системы rubbk
700 Автор _1
a Фамилия Салтыков-Щедрин
b Имя (инициалы) М.Е.
g Полное личное имя Михаил Евграфович
801 Источник записи _0
a Страна RU
b Организация Ульяновская ОНБ
c Дата составления 20180614
g Правила каталогизации RCR
801 Источник записи _1
a Страна RU
b Организация Ульяновская ОНБ
c Дата составления 20180614
g Правила каталогизации RCR
901 Тип документа __
t Тип документа m
909 Создатель записи __
a Создатель записи Моргунова
938 Служебная информация __
a Имя БД retro
b Имя библиотеки УОНБ
c Имя АИБС МАРК-SQL
d Номер DOC_ID в БД 255908